[Event "Elit(Manhem-Rockaden,Umea)"]
[Site "?"]
[Date "2013.03.15"]
[Round "7"]
[White "Petrov, Marijan"]
[Black "Nithander, Victor"]
[Result "1/2-1/2"]
[WhiteElo "2554"]
[BlackElo "2532"]
[PlyCount "73"]

1. e4 d6 2. d4 Nf6 3. Nc3 g6 4. Nf3 Bg7 5. Be2 O-O 6. O-O Nc6 7. Be3 a6 8. d5
Nb8 9. a4 b6 10. Qd2 c6 11. Bh6 Bb7 12. Bxg7 Kxg7 13. Rfe1 Nbd7 14. Bf1 Rc8 15.
Rad1 cxd5 16. Nxd5 Rc5 17. Nxf6 Nxf6 18. e5 Ne8 19. Nd4 Qc7 20. exd6 Nxd6 21.
Re3 Rh5 22. h3 Ne4 23. Qe2 e5 24. Nf3 f5 25. Qd3 Rf7 26. Be2 Qc5 27. b4 Qc7 28.
Nxe5 Qxe5 29. Bxh5 f4 30. Rxe4 Bxe4 31. Qd4 Qxd4 32. Rxd4 Bxc2 33. Bd1 Rc7 34.
Bxc2 Rxc2 35. Rd6 Ra2 36. Rxb6 Rxa4 37. b5 1/2-1/2

[Event "Elit(Manhem-Rockaden,Umea)"]
[Site "?"]
[Date "2013.03.15"]
[Round "7"]
[White "Olausson, Claes-Goran"]
[Black "Malmstig, Erik"]
[Result "1/2-1/2"]
[WhiteElo "2377"]
[BlackElo "2380"]
[PlyCount "114"]
[EventDate "2013.??.??"]

1. Nf3 d6 2. d4 Bg4 3. e4 Nd7 4. Nc3 e5 5. Be2 c6 6. Be3 Be7 7. O-O Bf6 8. h3
Bh5 9. dxe5 dxe5 10. Nd2 Bxe2 11. Qxe2 Be7 12. Rad1 Qc7 13. Qc4 Rc8 14. Nf3 b5
15. Qe2 Ngf6 16. Bg5 O-O 17. Nh4 g6 18. Qf3 Rfe8 19. Rd3 Kg7 20. Rfd1 Nc5 21.
Rd6 Ne6 22. Bxf6+ Bxf6 23. Rd7 Qa5 24. R1d6 Rcd8 25. Qg4 Rxd7 26. Rxd7 b4 27.
Nf5+ Kf8 28. Nh6 Re7 29. Rxe7 Bxe7 30. Ne2 b3 31. axb3 Qd2 32. f4 exf4 33. Qf3
Ng5 34. Qc3 Qxc3 35. Nxc3 Bf6 36. Ng4 Bxc3 37. bxc3 Nxe4 38. Ne5 c5 39. c4 f5
40. Nc6 a6 41. Nb8 Ke7 42. Nxa6 Kd6 43. b4 cxb4 44. Nxb4 g5 45. Nd3 Nd2 46. h4
h6 47. c5+ Kd5 48. c6 Kxc6 49. Ne5+ Kd5 50. Nf7 gxh4 51. Nxh6 Ke4 52. Kf2 Nc4
53. Nf7 Ne3 54. Ng5+ Kd5 55. Nf3 Nxc2 56. Nxh4 Nd4 57. g3 fxg3+ 1/2-1/2

[Event "Elit(Manhem-Rockaden,Umea)"]
[Site "?"]
[Date "2013.03.15"]
[Round "7"]
[White "Wickstrom, Lucas"]
[Black "Welin, Mats"]
[Result "1-0"]
[WhiteElo "2392"]
[BlackElo "2346"]
[PlyCount "83"]
[SourceDate "2013.03.24"]

1. d4 Nf6 2. c4 e6 3. Nf3 d5 4. Nc3 Be7 5. Bg5 h6 6. Bh4 O-O 7. e3 b6 8. cxd5
Nxd5 9. Nxd5 exd5 10. Bxe7 Qxe7 11. Bd3 Be6 12. O-O c5 13. dxc5 bxc5 14. Rc1
Rc8 15. Qa4 a5 16. Rfd1 Nd7 17. Rd2 Qd6 18. Bb1 Qb8 19. Qc2 Nf6 20. Qc3 Ra7 21.
h3 Rb7 22. Qa3 Nd7 23. b3 Qa7 24. Nd4 a4 25. Nf5 Ra8 26. bxa4 Rxb1 27. Nxh6+
gxh6 28. Rxb1 Qxa4 29. Qc3 Qe4 30. Rdb2 Kh7 31. f3 Qg6 32. Rd1 c4 33. Kh1 Nc5
34. Rbd2 Qg5 35. Qd4 Nd3 36. e4 dxe4 37. Qxe4+ Kg7 38. Qxa8 Qe3 39. Qe4 Nf2+
40. Rxf2 Qxf2 41. Qe5+ Kh7 42. Rd8 1-0

[Event "Elit(Manhem-Rockaden,Umea)"]
[Site "?"]
[Date "2013.03.15"]
[Round "7"]
[White "Eriksson, Jorgen"]
[Black "Akesson, Joel"]
[Result "1/2-1/2"]
[WhiteElo "2263"]
[BlackElo "2348"]
[PlyCount "62"]

1. d4 e6 2. Nf3 Nf6 3. g3 b6 4. Bg2 Bb7 5. O-O Be7 6. c4 O-O 7. b3 d6 8. Bb2
Nbd7 9. Qc2 Be4 10. Qd2 Bb7 11. Rd1 Ne4 12. Qd3 f5 13. Nfd2 d5 14. f3 Nxd2 15.
Nxd2 f4 16. gxf4 Rxf4 17. e3 Rh4 18. Nf1 Bd6 19. Bc3 Qg5 20. cxd5 exd5 21. Be1
Rh6 22. Bg3 Bxg3 23. hxg3 a5 24. Qd2 Ba6 25. e4 Qh5 26. e5 Rf8 27. g4 Qh4 28.
Qf2 Qg5 29. Qd2 Qh4 30. Qf2 Qg5 31. Qd2 Qh4 1/2-1/2

[Event "Elit(Manhem-Rockaden,Umea)"]
[Site "?"]
[Date "2013.03.15"]
[Round "7"]
[White "Landgren, Philip"]
[Black "Nygren, David"]
[Result "0-1"]
[WhiteElo "2344"]
[BlackElo "2229"]
[PlyCount "82"]

1. Nf3 Nf6 2. c4 e6 3. g3 d5 4. Bg2 Be7 5. O-O O-O 6. b3 c5 7. Bb2 Nc6 8. e3 b6
9. Nc3 Bb7 10. cxd5 Nxd5 11. Nxd5 exd5 12. d4 Ba6 13. Re1 c4 14. e4 Bb4 15.
exd5 Ne7 16. bxc4 Bxe1 17. Qxe1 Bxc4 18. Ba3 Re8 19. d6 Nc6 20. Qc1 Bd5 21. Qd2
Qf6 22. Ne5 Bxg2 23. Kxg2 Nxe5 24. dxe5 Qxe5 25. d7 Qe4+ 26. Kg1 Red8 27. Rd1
h6 28. Qd6 Qe6 29. Qd4 a5 30. Bb2 f6 31. Rd3 Ra7 32. Re3 Qxd7 33. Qc4+ Qf7 34.
Qf4 Qxa2 35. Bc3 Rad7 36. Qg4 Qd5 37. Qg6 Qf7 38. Qg4 Rd1+ 39. Kg2 Qd5+ 40. Kh3
Qd7 41. Re6 Rd6 0-1

[Event "Elit(Manhem-Rockaden,Umea)"]
[Site "?"]
[Date "2013.03.15"]
[Round "7"]
[White "Lindgren, Fredrik"]
[Black "Hultin, Johan"]
[Result "1-0"]
[WhiteElo "2239"]
[BlackElo "2345"]
[PlyCount "55"]

1. d4 Nf6 2. Nf3 e6 3. g3 b5 4. Bg2 Bb7 5. O-O Be7 6. a4 b4 7. c4 O-O 8. Nbd2
d6 9. a5 c5 10. dxc5 dxc5 11. Nb3 Qc8 12. Bf4 Rd8 13. Qc1 Nbd7 14. Rd1 h6 15.
h3 Be4 16. g4 Qc6 17. Nbd2 Qa6 18. Nxe4 Nxe4 19. Rxd7 Rxd7 20. Ne5 Rdd8 21.
Bxe4 Rac8 22. Bxh6 Rd4 23. Qf4 Bf6 24. g5 Rxe4 25. Qxe4 Bxe5 26. Qxe5 f6 27.
gxf6 gxf6 28. Qxf6 1-0

[Event "Elit(Manhem-Rockaden,Umea)"]
[Site "?"]
[Date "2013.03.15"]
[Round "7"]
[White "Carlhammar, Magnus"]
[Black "Mardell, Jimmy"]
[Result "1/2-1/2"]
[WhiteElo "2320"]
[BlackElo "2187"]
[PlyCount "91"]

1. Nf3 c5 2. g3 Nf6 3. Bg2 g6 4. O-O Bg7 5. d4 cxd4 6. Nxd4 Nc6 7. Nb3 O-O 8.
Nc3 d6 9. h3 Be6 10. e4 Rc8 11. Nd5 Nd7 12. c3 Nde5 13. Qe2 a6 14. f4 Nd7 15.
Be3 Bxd5 16. exd5 Na5 17. Nd4 Qc7 18. Bf2 Rfe8 19. Rfe1 Nf6 20. Rac1 b5 21. b3
Nb7 22. b4 Qc4 23. Qxc4 Rxc4 24. a4 bxa4 25. Nc6 e6 26. Bd4 exd5 27. Ne7+ Kf8
28. Nxd5 Rxe1+ 29. Rxe1 Nxd5 30. Bxg7+ Kxg7 31. Bxd5 Rc7 32. Re8 a5 33. b5 a3
34. Re2 Nd8 35. c4 Ne6 36. Ra2 Nc5 37. Rxa3 a4 38. Kf2 Rc8 39. Ke3 Re8+ 40. Kd2
Kf6 41. Bc6 Rb8 42. Re3 Ne6 43. Kc3 h6 44. Kb4 Nd4 45. Kxa4 Nxc6 46. bxc6
1/2-1/2

[Event "Elit(Burgsvik-Orgryte)"]
[Site "?"]
[Date "2013.03.15"]
[Round "7"]
[White "Fries Nielsen, Jens Ove"]
[Black "Ziegler, Ari"]
[Result "1-0"]
[WhiteElo "2454"]
[BlackElo "2436"]
[PlyCount "110"]

1. d4 d5 2. Bf4 Nf6 3. Nc3 g6 4. Qd2 Bg7 5. Bh6 O-O 6. Bxg7 Kxg7 7. O-O-O c6 8.
f3 b5 9. e4 a5 10. e5 Ng8 11. h4 a4 12. a3 Qa5 13. h5 b4 14. axb4 Qxb4 15. Nb1
Qxd2+ 16. Rxd2 g5 17. f4 gxf4 18. Rf2 Nh6 19. Rxf4 Na6 20. Bxa6 Rxa6 21. Nf3
Bg4 22. Ne1 f6 23. Nd3 fxe5 24. Rxf8 Kxf8 25. Nxe5 Kg7 26. Rh4 Be6 27. Rf4 Nf5
28. Nd3 Ng3 29. Nc3 a3 30. bxa3 Rxa3 31. Kb2 Rxc3 32. Kxc3 Ne2+ 33. Kb4 Nxf4
34. Nxf4 Bd7 35. Kc5 Kf6 36. Nd3 Bf5 37. Kxc6 e6 38. Kd6 Kg5 39. Ke5 Kxh5 40.
Kf4 Kh6 41. Nb4 Kg6 42. g4 Be4 43. c4 h6 44. c5 Kf6 45. Nc6 Bd3 46. Ne5 Ba6 47.
Kg3 Kg5 48. Nf3+ Kf6 49. Kh4 Bb5 50. Ne5 Be8 51. c6 Ke7 52. c7 Bd7 53. Kh5 Kd6
54. Kxh6 Kxc7 55. g5 Be8 1-0

[Event "Elit(Burgsvik-Orgryte)"]
[Site "?"]
[Date "2013.03.15"]
[Round "7"]
[White "Kumar, Rahul"]
[Black "Krupenski, Juri"]
[Result "1-0"]
[WhiteElo "2285"]
[BlackElo "2317"]
[PlyCount "69"]

1. e4 c5 2. Na3 d6 3. c3 Nf6 4. g3 g6 5. Bg2 Bg7 6. Ne2 O-O 7. d4 cxd4 8. cxd4
d5 9. e5 Ne8 10. Qb3 Nc7 11. Nb5 Nxb5 12. Qxb5 e6 13. O-O Nc6 14. Be3 Bd7 15.
Qd3 Qb6 16. Nc3 Na5 17. b3 Rfc8 18. Rfc1 Bf8 19. Bg5 Nc6 20. Rd1 Nb4 21. Qd2
Qa5 22. Rac1 Qa3 23. h4 Rc6 24. Bf1 a6 25. h5 Rac8 26. hxg6 fxg6 27. Kg2 R6c7
28. Be2 b5 29. Rh1 Nc6 30. Bf6 Ne7 31. Bd3 Be8 32. Rxh7 Kxh7 33. Rh1+ Kg8 34.
Rh8+ Kf7 35. Rxf8+ 1-0

[Event "Elit(Burgsvik-Orgryte)"]
[Site "?"]
[Date "2013.03.15"]
[Round "7"]
[White "Andersson, Tommy"]
[Black "Arnelind, Mikael"]
[Result "1-0"]
[WhiteElo "2385"]
[BlackElo "2231"]
[PlyCount "137"]

1. d4 Nf6 2. c4 e6 3. Nf3 b6 4. g3 Bb7 5. Bg2 Be7 6. O-O O-O 7. b3 d6 8. Bb2
Nbd7 9. Qd3 c5 10. Nc3 d5 11. cxd5 exd5 12. Rfd1 Rc8 13. Qf5 g6 14. Qf4 c4 15.
Ne5 cxb3 16. axb3 a5 17. Rd3 Ba6 18. Rdd1 Nb8 19. e4 dxe4 20. Nxe4 Rc2 21. Rab1
Nh5 22. Qe3 Re2 23. Qf3 Rc2 24. Nc3 Bb4 25. Rdc1 Rxb2 26. Rxb2 Ba3 27. Rbb1
Bxc1 28. Rxc1 Qxd4 29. Qd5 Qxd5 30. Nxd5 Re8 31. f4 Kg7 32. Rc7 Rf8 33. Nxb6
Nf6 34. Ra7 h5 35. Nd5 Ng4 36. Nc7 Bc8 37. Rxa5 Nxe5 38. Rxe5 Bd7 39. Rc5 Bg4
40. b4 Rd8 41. Nd5 Na6 42. Rc2 Rb8 43. Rb2 Be6 44. b5 Nc5 45. Nc7 Bf5 46. Bc6
Na4 47. Ra2 Nb6 48. Ra6 Kf8 49. Kf2 Nc4 50. Ra8 Rxa8 51. Nxa8 Ke7 52. b6 Na5
53. Bd5 Bc8 54. Ke3 f6 55. Kd4 Kd6 56. Nc7 g5 57. Nb5+ Ke7 58. fxg5 fxg5 59.
Ke5 h4 60. Nd6 Bd7 61. Nb7 Nxb7 62. Bxb7 hxg3 63. hxg3 Bb5 64. Bc8 Kd8 65. Bf5
Be2 66. Kf6 g4 67. Kg5 Bf3 68. Bxg4 Bb7 69. Kf6 1-0

[Event "Elit(Burgsvik-Orgryte)"]
[Site "?"]
[Date "2013.03.15"]
[Round "7"]
[White "Frisk Kockum, Anton"]
[Black "Linusson, Pelle"]
[Result "1-0"]
[WhiteElo "2408"]
[BlackElo "2182"]
[PlyCount "117"]

1. d4 Nf6 2. Nf3 g6 3. c4 Bg7 4. Nc3 d5 5. Bg5 Ne4 6. Bh4 Nxc3 7. bxc3 dxc4 8.
e3 Be6 9. Qb1 c5 10. Qxb7 Bd5 11. Qb5+ Nd7 12. Bxc4 Rb8 13. Qa4 Bxc4 14. Qxc4
cxd4 15. exd4 O-O 16. O-O Nb6 17. Qe2 Re8 18. Rac1 Rc8 19. c4 Qd7 20. Bg3 Qa4
21. c5 Nd5 22. Qc4 Qc6 23. Rb1 Red8 24. Rb3 Nc7 25. Ra3 Nb5 26. Rd3 Nd6 27. Qb3
Nf5 28. Rfd1 e6 29. Be5 Bxe5 30. Nxe5 Qe4 31. f3 Qf4 32. Qb7 Rf8 33. Qe4 Qh6
34. f4 Rfd8 35. d5 exd5 36. Rxd5 Rxd5 37. Rxd5 Qf8 38. Nd7 Qe7 39. Qxe7 Nxe7
40. Rd6 Kg7 41. Kf2 h5 42. Ke2 Rc7 43. Kd2 Nf5 44. Rd3 f6 45. Kc3 Kf7 46. Kc4
Ne7 47. Nb8 Rb7 48. Rb3 Rc7 49. a4 Ke8 50. a5 Kd8 51. Rd3+ Kc8 52. Na6 Rc6 53.
Rd6 Rxd6 54. cxd6 Nc6 55. Kd5 Nxa5 56. Nc5 g5 57. f5 g4 58. Ke6 Nc6 59. Kxf6
1-0

[Event "Elit(Burgsvik-Orgryte)"]
[Site "?"]
[Date "2013.03.15"]
[Round "7"]
[White "Larsson, Victor"]
[Black "Gajic, Mladen"]
[Result "1/2-1/2"]
[WhiteElo "2239"]
[BlackElo "2300"]
[PlyCount "116"]

1. d4 d5 2. c4 c6 3. Nf3 Nf6 4. Nc3 e6 5. cxd5 exd5 6. Bg5 Be7 7. Qc2 g6 8. e3
Bf5 9. Bd3 Bxd3 10. Qxd3 Nbd7 11. Bh6 Ng4 12. Bf4 O-O 13. h3 Ngf6 14. g4 Re8
15. O-O-O b5 16. Ne5 b4 17. Nxc6 Qc8 18. Nxe7+ Rxe7 19. Bd6 bxc3 20. Bxe7 Ne4
21. f3 cxb2+ 22. Kb1 Nf2 23. Qc2 Nxd1 24. Qxc8+ Rxc8 25. Rxd1 Nb6 26. Bc5 Na4
27. Rd3 Nxc5 28. dxc5 Rxc5 29. Kxb2 Kf8 30. Ra3 Rc7 31. Rd3 Rc5 32. Rc3 Rb5+
33. Kc2 Ra5 34. Kb3 Rb5+ 35. Kc2 Ra5 36. a3 h6 37. Kb3 Rb5+ 38. Ka4 Rb2 39.
Rc8+ Kg7 40. Rc7 Rf2 41. f4 Rf3 42. Rxa7 Rxe3 43. f5 Rxh3 44. fxg6 Kxg6 45. Rd7
Rd3 46. Kb4 Rd4+ 47. Kb5 Rxg4 48. a4 Rg1 49. Rxd5 h5 50. a5 h4 51. Rd8 Rb1+ 52.
Kc5 Ra1 53. Kb6 f5 54. a6 h3 55. Rh8 Rb1+ 56. Kc6 Rc1+ 57. Kb7 Rb1+ 58. Kc6 Ra1
1/2-1/2

[Event "Elit(Burgsvik-Orgryte)"]
[Site "?"]
[Date "2013.03.15"]
[Round "7"]
[White "Fransson, Percy"]
[Black "Andersson, Bjorn"]
[Result "1/2-1/2"]
[WhiteElo "2210"]
[BlackElo "2295"]
[PlyCount "113"]

1. Nf3 c5 2. g3 Nc6 3. Bg2 d6 4. O-O Bd7 5. c4 Qc8 6. d3 Bh3 7. e4 h5 8. Bxh3
Qxh3 9. Ng5 Qd7 10. f4 Nf6 11. h3 e6 12. Be3 O-O-O 13. Nd2 d5 14. cxd5 exd5 15.
Rc1 Kb8 16. Kg2 d4 17. Bf2 Ne8 18. a3 f6 19. Ngf3 Nc7 20. Re1 Ne6 21. Rb1 g5
22. f5 g4 23. Ng1 gxh3+ 24. Nxh3 Nc7 25. Nf3 Bd6 26. Nh4 Ne5 27. b4 Ng4 28.
bxc5 Bxc5 29. Nf4 Rc8 30. Qb3 Bb6 31. a4 Na6 32. Nd5 Rc6 33. Bg1 Rhc8 34. Re2
Ne5 35. Nf3 Nxf3 36. Kxf3 Nc5 37. Qa3 Nxd3 38. Qxd3 Rc3 39. Nxc3 Rxc3 40. Rb3
Rxd3+ 41. Rxd3 Qg7 42. Bxd4 Bc7 43. Kf2 Qg4 44. Bxf6 Qh3 45. Kg1 Qg4 46. Kf2
Qh3 47. Kg1 Bb6+ 48. Bd4 Bxd4+ 49. Rxd4 Qxg3+ 50. Kf1 h4 51. Rf2 Qe3 52. Rdd2
Qxe4 53. f6 Qh1+ 54. Ke2 Qe4+ 55. Kf1 Qh1+ 56. Ke2 Qe4+ 57. Kf1 1/2-1/2

[Event "Elit(Burgsvik-Orgryte)"]
[Site "?"]
[Date "2013.03.15"]
[Round "7"]
[White "Akerman, Axel"]
[Black "Eksmyr, Johan"]
[Result "1-0"]
[WhiteElo "2127"]
[BlackElo "2216"]
[PlyCount "79"]

1. e4 c6 2. d4 d5 3. e5 Bf5 4. Nf3 e6 5. Be2 c5 6. Be3 cxd4 7. Nxd4 Ne7 8. Nd2
Nbc6 9. N2f3 Be4 10. O-O Bxf3 11. Nxf3 Nf5 12. Bf4 Bc5 13. c3 Rc8 14. Bd3 Nfe7
15. a4 Ng6 16. Bg3 a6 17. b4 Bb6 18. h4 Qc7 19. Re1 f5 20. Ng5 Nd8 21. Rc1 h6
22. Nh3 O-O 23. h5 Nh8 24. Nf4 Qe7 25. Qb3 Nc6 26. Rb1 Rfe8 27. c4 Nd4 28. Qa2
dxc4 29. Bxc4 Qg5 30. Kf1 Kh7 31. Rbd1 Nf7 32. Nxe6 Rxe6 33. Rxd4 Bxd4 34. Bxe6
Rc3 35. Bxf7 f4 36. Bg6+ Kh8 37. Qe6 Qd8 38. Bxf4 Rc8 39. Qd6 Qh4 40. Qxd4 1-0

[Event "Elit(LASK-Vasteras)"]
[Site "?"]
[Date "2013.03.15"]
[Round "7"]
[White "Akesson, Ralf"]
[Black "Kulaots, Kaido"]
[Result "0-1"]
[WhiteElo "2673"]
[BlackElo "2490"]
[PlyCount "64"]

1. d4 d5 2. c4 c6 3. Nc3 dxc4 4. e4 b5 5. a4 b4 6. Na2 Nf6 7. e5 Nd5 8. Bxc4 e6
9. Nf3 a5 10. Bg5 Qb6 11. Nc1 Ba6 12. Qe2 h6 13. Bd2 c5 14. Nb3 Nd7 15. O-O
Bxc4 16. Qxc4 cxd4 17. Rac1 Be7 18. Rfe1 O-O 19. Nfxd4 Rfe8 20. Qc6 Qxc6 21.
Nxc6 N7b6 22. Nbxa5 Nxa4 23. Nxe7+ Nxe7 24. Bxb4 Nd5 25. Bd2 Nxb2 26. Re4 Nd3
27. Rd1 Rec8 28. g3 Rc2 29. Nc4 Nxf2 30. Kxf2 Nc3 31. Rd4 Nxd1+ 32. Ke2 Nb2 0-1

[Event "Elit(LASK-Vasteras)"]
[Site "?"]
[Date "2013.03.15"]
[Round "7"]
[White "Tikkanen, Hans"]
[Black "Sjodahl, Pontus"]
[Result "1/2-1/2"]
[WhiteElo "2642"]
[BlackElo "2474"]
[PlyCount "81"]

1. d4 Nf6 2. c4 c5 3. d5 a6 4. Nc3 b5 5. e4 b4 6. Na4 Nxe4 7. Bd3 Nf6 8. Nxc5
e6 9. Be3 exd5 10. Na4 Bb7 11. Nf3 dxc4 12. Bxc4 d5 13. Bb3 Nbd7 14. O-O Bd6
15. Nd4 O-O 16. Nf5 Qb8 17. Nxd6 Qxd6 18. Qd4 a5 19. Rac1 Rfe8 20. f3 Rac8 21.
Qd2 Ba6 22. Bf4 Qe6 23. Rxc8 Rxc8 24. Re1 Qc6 25. Qd4 h6 26. Be3 Bc4 27. Rc1
Re8 28. Bd1 Qa6 29. b3 Be2 30. Bc2 Bb5 31. Nc5 Nxc5 32. Qxc5 Bd3 33. Bd1 Be2
34. Bc2 Bd3 35. Bd1 Bf5 36. Kf2 Be6 37. Be2 Qa8 38. Qc6 Rc8 39. Qxa8 Rxa8 40.
Rc6 a4 41. Rb6 1/2-1/2

[Event "Elit(LASK-Vasteras)"]
[Site "?"]
[Date "2013.03.15"]
[Round "7"]
[White "Hillarp Persson, Tiger"]
[Black "Norberg, Johan"]
[Result "1-0"]
[WhiteElo "2575"]
[BlackElo "2336"]
[PlyCount "75"]
[SourceDate "2013.03.30"]

1. e4 d6 2. d4 Nf6 3. Nc3 g6 4. Be3 Bg7 5. Qd2 c6 6. f3 b5 7. g4 h5 8. g5 Nfd7
9. f4 Nb6 10. Nf3 d5 11. e5 Bf5 12. Nh4 e6 13. Nxf5 exf5 14. b3 Bf8 15. a4 b4
16. Ne2 Na6 17. Ng3 Qc8 18. Qd3 Nc7 19. Bh3 Qa6 20. Rc1 O-O-O 21. Nxf5 Qxd3 22.
cxd3 gxf5 23. Rxc6 Be7 24. Ke2 Kb7 25. Rhc1 Ne6 26. Bxf5 Rc8 27. Rxc8 Rxc8 28.
Rxc8 Nxc8 29. Bh3 Bf8 30. f5 Nd8 31. f6 Kc7 32. e6 Nxe6 33. Bxe6 fxe6 34. g6
Kd7 35. g7 Bxg7 36. fxg7 Ne7 37. Bg5 Ng8 38. Ke3 1-0

[Event "Elit(LASK-Vasteras)"]
[Site "?"]
[Date "2013.03.15"]
[Round "7"]
[White "Semcesen, Daniel"]
[Black "Nilsson, Andre"]
[Result "1-0"]
[WhiteElo "2539"]
[BlackElo "2300"]
[PlyCount "71"]

1. d4 g6 2. c4 Bg7 3. e4 d6 4. Nf3 Nf6 5. Nc3 O-O 6. h3 Nbd7 7. Bg5 c5 8. d5 b5
9. cxb5 a6 10. a4 Qa5 11. Nd2 axb5 12. Bxb5 Ba6 13. O-O Bxb5 14. Nxb5 h6 15.
Be3 Rfb8 16. Qc2 Qd8 17. Rab1 Nb6 18. b3 Ne8 19. f4 Nc7 20. Na3 e6 21. dxe6
Nxe6 22. Nf3 Qe7 23. Rbe1 d5 24. f5 Nd4 25. Bxd4 cxd4 26. Nb5 Rc8 27. Qd3 dxe4
28. Rxe4 Qc5 29. fxg6 fxg6 30. Nfxd4 Rd8 31. Kh1 Nxa4 32. bxa4 Rxa4 33. Ne6
Rxd3 34. Nxc5 Rxe4 35. Nxd3 Re3 36. Rd1 1-0

[Event "Elit(LASK-Vasteras)"]
[Site "?"]
[Date "2013.03.15"]
[Round "7"]
[White "Nilsson, Sebastian"]
[Black "Norberg, Erik"]
[Result "1-0"]
[WhiteElo "2370"]
[BlackElo "2231"]
[PlyCount "51"]

1. e4 g6 2. d4 Bg7 3. Nc3 c6 4. h3 d5 5. Nf3 dxe4 6. Nxe4 Nd7 7. Bd3 Ngf6 8.
Qe2 O-O 9. O-O b6 10. Neg5 h6 11. Ne6 fxe6 12. Qxe6+ Kh7 13. Qxc6 e5 14. dxe5
Nc5 15. Qxa8 Nd5 16. Qc6 Nxd3 17. cxd3 Rxf3 18. gxf3 Bxe5 19. f4 Bd4 20. Be3
Nxe3 21. fxe3 Bxe3+ 22. Kh2 Bf5 23. Qb7+ Kh8 24. Qf3 Qxd3 25. Rae1 Qc2+ 26. Qe2
1-0

[Event "Elit(Limhamn-Rockaden,Sthlm)"]
[Site "?"]
[Date "2013.03.15"]
[Round "7"]
[White "Blomqvist, Erik"]
[Black "Brynell, Stellan"]
[Result "0-1"]
[WhiteElo "2564"]
[BlackElo "2542"]
[PlyCount "114"]
[SourceDate "2013.03.31"]

1. d4 e6 2. Nf3 Nf6 3. c4 b6 4. g3 Ba6 5. Qa4 Bb7 6. Bg2 c5 7. dxc5 Bxc5 8. O-O
O-O 9. Nc3 Qc8 10. Bf4 Be7 11. Rfd1 Na6 12. Rd4 Nc5 13. Qc2 d5 14. Rc1 Nce4 15.
Nxe4 Nxe4 16. Qb1 Bc5 17. cxd5 exd5 18. e3 a5 19. Rdd1 Qf5 20. Nd4 Qf6 21. h4
h6 22. f3 g5 23. hxg5 Nxg5 24. Nb3 Rac8 25. Kf2 Ne6 26. Nxc5 Rxc5 27. Bd6 Rxc1
28. Rxc1 Rd8 29. Bc7 Nxc7 30. Rxc7 Bc8 31. Qc1 Be6 32. Rc6 d4 33. Rxb6 d3 34.
Qd2 Qf5 35. Rc6 Bxa2 36. f4 Be6 37. Rc3 Qb5 38. Be4 Bf5 39. Bf3 Qb4 40. Ke1 Be4
41. Bd1 Qb5 42. Ra3 Qf5 43. Qxa5 Rd5 44. Qc3 Rd8 45. g4 Qe6 46. Kd2 Qe7 47. Ra4
Re8 48. Qa5 Bc6 49. Qa7 Qh4 50. Bb3 Qf2+ 51. Kc3 Qe1+ 52. Kxd3 Bb5+ 53. Bc4
Rd8+ 54. Ke4 Qb1+ 55. Kf3 Bc6+ 56. Kf2 Qc2+ 57. Be2 Qxa4 0-1

[Event "Elit(Limhamn-Rockaden,Sthlm)"]
[Site "?"]
[Date "2013.03.15"]
[Round "7"]
[White "Hector, Jonny"]
[Black "Barkhagen, Jonas"]
[Result "1/2-1/2"]
[WhiteElo "2588"]
[BlackElo "2501"]
[PlyCount "137"]

1. e4 e6 2. d4 d5 3. Nc3 dxe4 4. Nxe4 Bd7 5. Be3 Bc6 6. f3 Bxe4 7. fxe4 Qh4+ 8.
Bf2 Qxe4+ 9. Be2 Nf6 10. Nf3 Ng4 11. O-O Nxf2 12. Rxf2 Bd6 13. Qf1 O-O 14. Re1
Qf4 15. Bd3 Be7 16. Re4 Qd6 17. Ne5 f5 18. Re1 Qxd4 19. Bc4 Bc5 20. Bxe6+ Kh8
21. Nd3 Bb6 22. Kh1 g6 23. c4 Nc6 24. Rf3 Rae8 25. b4 Qf6 26. Bd5 Bd4 27. b5
Nd8 28. c5 c6 29. bxc6 bxc6 30. Bb3 Ne6 31. Bxe6 Rxe6 32. Rxe6 Qxe6 33. Qb1 Re8
34. Rf1 Qd5 35. Qc2 Re3 36. Rd1 Qe4 37. Qd2 f4 38. Qa5 Bf6 39. Ne1 Bc3 40. Qd8+
Qe8 41. Nf3 Qxd8 42. Rxd8+ Kg7 43. h4 h6 44. Rd6 Bf6 45. Kh2 g5 46. hxg5 hxg5
47. Kh3 Kg6 48. Kg4 Re2 49. g3 fxg3 50. Kxg3 Kf5 51. Nd4+ Bxd4 52. Rxd4 Rxa2
53. Rd6 a5 54. Rxc6 a4 55. Rd6 Rc2 56. Ra6 Rc4 57. c6 Ke6 58. c7+ Kd7 59. Ra7
Rb4 60. Kf3 Kc8 61. Kg3 Rc4 62. Kf3 Rb4 63. Kg3 Rd4 64. Kf3 Rd3+ 65. Kg4 Ra3
66. Kxg5 Ra1 67. Kg4 a3 68. Kg3 a2 69. Kg2 1/2-1/2

[Event "Elit(Limhamn-Rockaden,Sthlm)"]
[Site "?"]
[Date "2013.03.15"]
[Round "7"]
[White "Wiedenkeller, Michael"]
[Black "Jepson, Christian"]
[Result "1/2-1/2"]
[WhiteElo "2530"]
[BlackElo "2472"]
[PlyCount "85"]

1. d4 d5 2. c4 e6 3. Nc3 Be7 4. Nf3 Nf6 5. Bg5 h6 6. Bxf6 Bxf6 7. e3 O-O 8. Qd2
a6 9. Rc1 Nc6 10. cxd5 exd5 11. Bd3 Ne7 12. O-O c6 13. Na4 a5 14. Nc5 b6 15.
Na4 Rb8 16. h3 Qd6 17. a3 Bd7 18. b4 axb4 19. axb4 Rb7 20. Rb1 Ra8 21. Qc2 Nc8
22. Nc3 Rba7 23. Rfd1 Be6 24. e4 Qd8 25. b5 Rc7 26. Qd2 Bg5 27. Nxg5 Qxg5 28.
f4 Qd8 29. bxc6 Rxc6 30. f5 Bd7 31. Bb5 Rxc3 32. Qxc3 dxe4 33. Bxd7 Qxd7 34. d5
Ra2 35. Qe5 Nd6 36. Rb2 f6 37. Qc3 Rxb2 38. Qxb2 Qxf5 39. Qxb6 Qe5 40. Qd4 Qg3
41. Rf1 h5 42. Qc5 Qe5 43. Rb1 1/2-1/2

[Event "Elit(Limhamn-Rockaden,Sthlm)"]
[Site "?"]
[Date "2013.03.15"]
[Round "7"]
[White "Ahlander, Bjorn"]
[Black "Engqvist, Thomas"]
[Result "1-0"]
[WhiteElo "2518"]
[BlackElo "2433"]
[PlyCount "83"]

1. d4 d5 2. c4 c6 3. Nc3 Nf6 4. e3 g6 5. Nf3 Bg7 6. Be2 O-O 7. O-O a6 8. a4 a5
9. Ne5 Na6 10. f4 Ne4 11. cxd5 cxd5 12. Nxe4 dxe4 13. Qb3 Nb4 14. Bc4 e6 15.
Bd2 Nd5 16. Rfc1 f6 17. Ng4 b6 18. Nf2 f5 19. Nd1 Bb7 20. Rc2 Rf7 21. Rac1 Bf8
22. Nc3 Rc7 23. Bxd5 Bxd5 24. Nxd5 Rxc2 25. Nf6+ Kf7 26. Rxc2 Kxf6 27. Rc6 Bd6
28. Rxb6 h6 29. Bc3 g5 30. d5+ Kg6 31. Qb5 gxf4 32. exf4 Rc8 33. Rc6 Rxc6 34.
Qxc6 Bxf4 35. Qxe6+ Kg5 36. h4+ Kg4 37. Qg6+ Bg5 38. hxg5 h5 39. Qa6 Qxd5 40.
g6 f4 41. g7 f3 42. Qg6+ 1-0

[Event "Elit(Limhamn-Rockaden,Sthlm)"]
[Site "?"]
[Date "2013.03.15"]
[Round "7"]
[White "Karlsson, Lars"]
[Black "Johansson, Linus"]
[Result "0-1"]
[WhiteElo "2459"]
[BlackElo "2385"]
[PlyCount "106"]

1. g3 g6 2. Bg2 Bg7 3. c4 c5 4. Nc3 Nc6 5. e3 Bxc3 6. bxc3 Nf6 7. e4 d6 8. d3
h5 9. h3 Qc7 10. f4 Bd7 11. Nf3 O-O-O 12. Rb1 Na5 13. Rb2 Bc6 14. O-O Nh7 15.
Qe1 e6 16. Ng5 Nf8 17. f5 gxf5 18. exf5 e5 19. Bd5 Bxd5 20. cxd5 Nh7 21. Ne4 c4
22. Qf2 b6 23. Be3 cxd3 24. Rxb6 axb6 25. Bxb6 Qc4 26. Bxa5 Qxe4 27. Qa7 Qc4
28. Qa8+ Kd7 29. Qb7+ Ke8 30. f6 Nxf6 31. Bxd8 Kxd8 32. Qb8+ Ke7 33. Qxh8 Nxd5
34. Qg7 Nxc3 35. Qg5+ Ke8 36. Qg8+ Ke7 37. Qg5+ Kd7 38. Qg7 Qd4+ 39. Kh2 d2 40.
Qxf7+ Kc6 41. Qe8+ Kc5 42. Qc8+ Kb5 43. Qb7+ Qb6 44. Qf7 Qe3 45. a4+ Kxa4 46.
Qxh5 Qd3 47. Qe8+ Kb3 48. Qf7+ Kc2 49. Rf2 e4 50. h4 e3 51. Rg2 e2 52. h5 e1=Q
53. h6 Qdf1 0-1

[Event "Elit(Limhamn-Rockaden,Sthlm)"]
[Site "?"]
[Date "2013.03.15"]
[Round "7"]
[White "Schneider, Stefan"]
[Black "Bator, Robert"]
[Result "1/2-1/2"]
[WhiteElo "2410"]
[BlackElo "2468"]
[PlyCount "26"]

1. d4 d5 2. c4 c6 3. Nf3 a6 4. e3 Bf5 5. Qb3 Ra7 6. Nc3 e6 7. a4 h6 8. a5 Nd7
9. Bd2 Ngf6 10. Be2 Bd6 11. O-O O-O 12. Na2 Re8 13. Rfd1 Ne4 1/2-1/2

[Event "Elit(Limhamn-Rockaden,Sthlm)"]
[Site "?"]
[Date "2013.03.15"]
[Round "7"]
[White "Kenneskog, Theodor"]
[Black "Helgason, Reynir"]
[Result "0-1"]
[WhiteElo "2281"]
[BlackElo "2395"]
[PlyCount "72"]

1. d4 d5 2. c4 e6 3. Nc3 Be7 4. cxd5 exd5 5. Bf4 c6 6. e3 Bf5 7. g4 Be6 8. h4
Nd7 9. g5 h6 10. g6 Ngf6 11. gxf7+ Bxf7 12. Bd3 Nh5 13. Be5 O-O 14. Qg4 Nhf6
15. Qg2 Nxe5 16. dxe5 Nd7 17. Nf3 Re8 18. O-O-O Bf8 19. Ng5 hxg5 20. hxg5 g6
21. f4 Bg7 22. Rh4 Nxe5 23. fxe5 Rxe5 24. Rdh1 Qxg5 25. Rg4 Qxe3+ 26. Kc2 Rf8
27. Rh3 Qc5 28. Rxg6 Bxg6 29. Qxg6 Rf2+ 30. Kd1 Kf8 31. Qg4 Qe7 32. Ne2 Qe6 33.
Qb4+ Ke8 34. Qh4 Rexe2 35. Qh5+ Kd7 36. Bxe2 Rxe2 0-1

[Event "Elit(Limhamn-Rockaden,Sthlm)"]
[Site "?"]
[Date "2013.03.15"]
[Round "7"]
[White "Penalver, Osmani"]
[Black "Hedman, Erik"]
[Result "0-1"]
[WhiteElo "2324"]
[BlackElo "2425"]
[PlyCount "64"]

1. d4 Nf6 2. c4 c5 3. d5 e6 4. Nc3 exd5 5. cxd5 d6 6. e4 g6 7. f4 Bg7 8. Bb5+
Nfd7 9. a4 O-O 10. Nf3 Na6 11. O-O Nb4 12. Ra3 a6 13. Be2 Re8 14. f5 h6 15.
fxg6 fxg6 16. Bf4 Qe7 17. Qc1 g5 18. Bg3 Rf8 19. Qd2 b6 20. Nd1 g4 21. Nh4
Rxf1+ 22. Kxf1 Nf6 23. Nf5 Bxf5 24. exf5 Ne4 25. Qc1 Re8 26. Bf4 Ng3+ 27. hxg3
Qxe2+ 28. Kg1 Nd3 29. Rxd3 Qxd3 30. Nf2 Bd4 31. Bxh6 Qxf5 32. Qd2 Qxf2+ 0-1